000 00947nas a2200265 4500
001 BR8603021
003 BR-BrBNA
005 20231205090523.0
007 ta
008 230509b bl.|||p| |||| 00| 00por d
040 _aBR-BrBNA
_bpor
_cBiblioteca Nacional de Agricultura
041 _a(Pt)
072 _aH10
100 1 _aLink, D.
100 1 _aRitter, R.
245 1 _aNivel de infestacao da lagarta da espiga, Heliothis zea (Boddie, 1850)em milho ocorrido em alguns municipios do Rio Grande do Sul [Zea mays]
_bParte do projeto
246 1 _aCorn earworm infestation level on corn at some counties of Rio Grande do Sul
_bPart of project
650 _aMILHO
650 _aLAGARTA
650 _aINFESTACAO
650 _aRIO GRANDE DO SUL
773 0 _tRevista do Centro de Ciencias Rurais (Brazil)
_xISSN 0085-5901
_g(Oct-Dec 1985), v. 15(4) p. 295-302
_wBR8603021
909 _a202311
_bLúcia
_c55
_dLúcia Elande
942 _2AGRIS
_n0
_cANA
999 _c119005
_d119005